000
00311nam a22001337a 4500
020
_a
81-7478-114-5
082
_a
823
_b
SUB/I
100
_a
SUBRAMANIAM, NEELA
245
_a
ILLUSTRATED CLASSIC STORIES
260
_a
CHENNAI
_b
YOUNG KIDS PRESS
_c
144
520
_a
SHORT STORY
650
_a
SHORT STORY
942
_c
BK
999
_c
6499
_d
6499